| 000 | 005550000a22001690004500 | ||
|---|---|---|---|
| 041 | 0 | _aENG | |
| 082 | 0 | 4 | _aG 266.0238 H8895i |
| 100 | 1 | _aHuffman, Lee | |
| 245 | 1 | 0 | _aImpacto : Warriors march in Ecuador The story of penetration'79, a 30-day witnessing thrust in Ecuador as seen by one of the participants / Lee Huffman |
| 260 | _aGreenwood, IN., USA : Oriental Missionary Society | ||
| 300 | _a144 Pag | ||
| 001 | 7615 | ||
| 942 | _cBK | ||
| 999 |
_c37822 _d37822 |
||
| 336 |
_atexto _btxt _2rdacontent |
||
| 337 |
_2rdamedia _asin mediación _bn |
||
| 338 |
_2rdacarrier _avolumen _bnc |
||